| 000 | 00497nam a2200169 i 4500 | ||
|---|---|---|---|
| 001 | 26544 | ||
| 003 | ES-MaACL | ||
| 005 | 20250824063028.0 | ||
| 007 | t| | ||
| 008 | 030109s1919 sp ||||1| spa d | ||
| 100 | 1 |
_aAunós Pérez, Eduardo, _d1894-1967 _923920 |
|
| 245 | 1 | 3 |
_aEl libro del mal estudiante / _cEduardo Aunós Pérez. |
| 260 |
_aMadrid : _b[s.n, _c1919] ( _fImp. Clásica Española) |
||
| 300 |
_a273 p. ; _c19 cm. |
||
| 852 |
_aES-MaACL _jF-10529 |
||
| 999 |
_c26544 _d26544 |
||